عرض عادي عرض مارك
  • Johnson, Dallas E.,

مدخل إسم شخص

عدد التسجيلات المستخدمة في: 1

001 - رقم الضبط

  • حقل الضبط: 6192

003 - معرف رقم الضبط

  • حقل الضبط: OSt

005 - تاريخ ووقت أخر عملية

  • حقل الضبط: 20111102164844.0

008 - عناصر بيانات ثابتة الطول

  • حقل تحكم ثابت الطول: 111102|||a|||||| | ||| d

040 ## - مصدر الفهرسة

  • هيئة الفهرسة الأصلية: OSt
  • وكالة الكتابة: OSt

100 ## - مدخل -- أسم شخص

  • إسم شخص: Johnson, Dallas E.,
  • تواريخ مرتبطة بالاسم: 1938-

670 ## - بيانات المصدر موجوده

  • الاستشهاد بالمصدر: Work cat.: (OSt)0: Milliken, George A., 1943- 6190, Analysis of messy data /, c1984-<c2002 >